000 01100nam a2200265 i 4500
001 bg
245 0 0 _aKompendium terminologii chemicznej :
_bzalecenia International Union of Pure and Applied Chemistry /
_cred. nauk. Zofia Stasicka, Osman Achmatowicz ; [przekł. z ang. Krystyna Dyrek et al.] ; Polskie Towarzystwo Chemiczne. Komisja Nomenklatury Chemicznej.
246 _iTyt. oryg.:
_aCompendium of chemical terminology
260 _aKraków :
_bZamKor,
_c2005.
300 _a623 s. ;
_c24 cm.
500 _aTyt. oryg.: "Compendium of chemical terminology" 2nd ed., 1997.
650 9 _aChemia
_xterminologia
700 1 _aSTASICKA, Zofia.
_eRed.
700 1 _aACHMATOWICZ, Osman.
_eRed.
700 1 _aDYREK, Krystyna.
_eTł.
710 0 _aPolskie Towarzystwo Chemiczne
_bKomisja Nomenklatury Chemicznej
020 _a8388830791
040 _cBPK
041 1 _apol
_heng
080 _a54(036)
920 _a83-88830-79-1
942 _cKS
008 s pl f |000 0 pol
999 _c51875
_d51875
856 _uhttp://koha.tu.koszalin.pl/cgi-bin/koha/opac-detail.pl?biblionumber=51875
_yKatalog online BPK